| 000 | 00998nem a2200229 i 4500 | ||
|---|---|---|---|
| 001 | 185986 | ||
| 003 | ES-MaACL | ||
| 005 | 20250830195445.0 | ||
| 008 | 160901s1886 sp | | | ||spa d | ||
| 130 | 0 |
_aVitoria (Álava). _kPlanos de población. _f1886. _9160673 |
|
| 245 | 1 | 0 |
_aPlano de Vitoria [ _hMaterial cartográfico] / _cpor una Comisión de Oficiales del Cuerpo de E.M. del Ejército. |
| 255 | _aEscala 1:5.000. | ||
| 260 |
_a[Madrid] : _bPublicado por el Deposito de la Guerra, _c1886. |
||
| 300 |
_a1 plano ; _c74 x 61 cm. |
||
| 530 | _aDisponible en formato digital. | ||
| 592 | _aOrientado con flecha.- Relieve por curvas de nivel.- Las edificaciones sombreadas. | ||
| 710 | 1 |
_aEspaña. _bDepósito de la Guerra. _9167579 |
|
| 710 | 2 |
_aComisión de Oficiales del Cuerpo de Estado Mayor del Ejército (España) _9160630 |
|
| 852 |
_aES-MaACL _jG-6702 |
||
| 856 |
_uhttp://bdh-rd.bne.es/viewer.vm?id=0000022102&page=1 _zBiblioteca Digital Hispánica |
||
| 999 |
_c185986 _d185986 |
||